000 00204 a2200097 4500
001 10557
100 _aHassett, W D
245 _aOff the record with F D R.
260 _a
_bAllen
_c
090 _c8169
_d8169
942 _aNUST-CAE
_cM
_c34899
999 _c245630
_d245630